Channel-adaptive technologies and cross-layer designs for wireless systems with multiple antennas : theory and applications (Record no. 8171)
[ view plain ]
| 000 -LEADER | |
|---|---|
| fixed length control field | 01083 a2200229 4500 |
| 020 ## - INTERNATIONAL STANDARD BOOK NUMBER | |
| International Standard Book Number | 0471648655 |
| 020 ## - INTERNATIONAL STANDARD BOOK NUMBER | |
| International Standard Book Number | 9780471648659 |
| 035 ## - SYSTEM CONTROL NUMBER | |
| System control number | (OCoLC)ocm61115556 |
| 040 ## - CATALOGING SOURCE | |
| Original cataloging agency | DLC |
| Language of cataloging | DLC |
| 082 00 - DEWEY DECIMAL CLASSIFICATION NUMBER | |
| Classification number | 621.3845/6 |
| 100 1# - MAIN ENTRY--PERSONAL NAME | |
| Personal name | Lau, Vincent K. N. |
| 245 10 - TITLE STATEMENT | |
| Title | Channel-adaptive technologies and cross-layer designs for wireless systems with multiple antennas : theory and applications |
| Remainder of title | theory and applications |
| Statement of responsibility, etc. | Vincent K.N. Lau, Yu Kwong Ricky Kwok. |
| 260 ## - PUBLICATION, DISTRIBUTION, ETC. | |
| Place of publication, distribution, etc. | Hoboken, N.J. : |
| Name of publisher, distributor, etc. | John Wiley, |
| Date of publication, distribution, etc. | c2006. |
| 300 ## - PHYSICAL DESCRIPTION | |
| Extent | xxxv, 506 p. : |
| Other physical details | ill. ; |
| Dimensions | 25 cm. |
| 440 #0 - SERIES STATEMENT/ADDED ENTRY--TITLE | |
| Title | Wiley series in telecommunications and signal processing |
| 650 #0 - SUBJECT ADDED ENTRY--TOPICAL TERM | |
| Topical term or geographic name entry element | Wireless communication systems |
| General subdivision | Design and construction. |
| 700 1# - ADDED ENTRY--PERSONAL NAME | |
| Personal name | Kwok, Yu-Kwong Ricky. |
| 856 42 - ELECTRONIC LOCATION AND ACCESS | |
| Materials specified | Publisher description |
| Uniform Resource Identifier | <a href="http://www.loc.gov/catdir/enhancements/fy0624/2005043673-d.html">http://www.loc.gov/catdir/enhancements/fy0624/2005043673-d.html</a> |
| 856 42 - ELECTRONIC LOCATION AND ACCESS | |
| Materials specified | Table of contents only |
| Uniform Resource Identifier | <a href="http://www.loc.gov/catdir/enhancements/fy0624/2005043673-t.html">http://www.loc.gov/catdir/enhancements/fy0624/2005043673-t.html</a> |
| 856 42 - ELECTRONIC LOCATION AND ACCESS | |
| Materials specified | Contributor biographical information |
| Uniform Resource Identifier | <a href="http://www.loc.gov/catdir/enhancements/fy0643/2005043673-b.html">http://www.loc.gov/catdir/enhancements/fy0643/2005043673-b.html</a> |
| 942 ## - ADDED ENTRY ELEMENTS (KOHA) | |
| Koha item type | Book |
| Call number prefix | 621.382 LAU |
| Source of classification or shelving scheme | |
| Withdrawn status | Lost status | Damaged status | Not for loan | Collection code | Permanent Location | Current Location | Shelving location | Date acquired | Source of acquisition | Cost, normal purchase price | Total Checkouts | Full call number | Barcode | Date last seen | Price effective from | Koha item type |
|---|---|---|---|---|---|---|---|---|---|---|---|---|---|---|---|---|
| Central Library (CL) | Central Library (CL) | General Stacks | 11/23/2006 | A&J DEF Tek Consultant | 7210.18 | 621.382 LAU | SEECS007792 | 11/14/2012 | 01/05/2017 | Book |
